| 000 | 00757nam a2200241Ia 4500 | ||
|---|---|---|---|
| 008 | 191130s2005##################000#0#eng## | ||
| 020 | _a9783110188752 | ||
| 022 | _a2005028120 | ||
| 040 |
_aACL _cACL |
||
| 082 | _a206 ENG | ||
| 245 |
_aHistoricizing "tradition" in the study of religion _cedited by Steven Engler and Gregory P. Grieve |
||
| 260 |
_aBerlin _bWalter de Gruyter _cc2005 |
||
| 300 | _avii, 395 p. ; 24 cm | ||
| 500 | _aIncludes bibliographical references and indexes | ||
| 650 | _aAuthority - Religious aspects | ||
| 650 | _aReligious invention | ||
| 650 | _aTradition (Theology) | ||
| 700 | _aEngler, Steven | ||
| 700 | _aGrieve, Gregory P | ||
| 990 | _a22da4f64ac10000c415231cd9afa55f3 | ||
| 991 | _a80129 | ||
| 999 |
_c205283 _d205283 |
||